Gaming Quiz

Random Gaming Quiz

Name all Android Versions Quiz Stats

Quiz not verified by Sporcle

Also try: Name the Toy
Challenge
Share
Tweet
Embed
Score 0/12 Timer 02:00
0 Plays Today
Hint Answer % Correct
Nougat
100%
Jelly Bean
92.3%
KitKat
92.3%
Marshmallow
92.3%
Lollipop
84.6%
Donut
76.9%
Eclair
76.9%
Froyo
76.9%
Honeycomb
76.9%
Ice Cream Sandwich
76.9%
Cupcake
69.2%
Gingerbread
69.2%

You're not logged in!

Compare scores with friends on all Sporcle quizzes.
Join for Free
OR
Log In

You Might Also Like...

Show Comments

Extras

Created Aug 1, 2017ReportNominate
Tags:android, version

Top Quizzes Today


Score Distribution

Your Account Isn't Verified!

In order to create a playlist on Sporcle, you need to verify the email address you used during registration. Go to your Sporcle Settings to finish the process.

Report this User

Report this user for behavior that violates our Community Guidelines.

Details: